|
|
|
|
| LEADER |
01039nam a2200265 a 4500 |
| 001 |
16894291 |
| 008 |
130116s2012 mdua b 001 0 eng d |
| 010 |
|
|
|a 2011032142
|
| 020 |
|
|
|a 9780759120884 (cloth : alk. paper)
|
| 020 |
|
|
|a 9780759120891 (pbk. : alk. paper)
|
| 020 |
|
|
|a 9780759120907 (ebook)
|
| 040 |
|
|
|a DLC
|c DLC
|d DLC
|d BD-DhAAL.
|
| 082 |
0 |
0 |
|a 306.4/61
|2 23
|
| 100 |
1 |
|
|a Singer, Merrill.
|
| 245 |
1 |
0 |
|a Introducing medical anthropology :
|b a discipline in action /
|c Merrill Singer and Hans Baer.
|
| 250 |
|
|
|a 2nd ed.
|
| 260 |
|
|
|a Lanham, Md. :
|b AltaMira Press,
|c c2012.
|
| 300 |
|
|
|a viii, 293 p. :
|b ill. ;
|c 24 cm.
|
| 504 |
|
|
|a Includes bibliographical references (p. 249-281) and index.
|
| 541 |
|
|
|e 00026513
|
| 650 |
|
0 |
|a Medical anthropology.
|
| 700 |
1 |
|
|a Baer, Hans A.,
|d 1944-
|
| 852 |
1 |
|
|a Ayesha Abed Library
|j General shelf.
|
| 999 |
|
|
|c 13139
|d 13139
|
| 952 |
|
|
|0 0
|1 0
|2 ddc
|4 0
|6 306_461000000000000_SIN
|7 0
|9 21859
|a JPGSPH
|b JPGSPH
|d 2013-01-21
|e TRIM EDUCATION
|g 4275.00
|l 0
|o 306.461 SIN
|p 3060026513
|r 2013-01-21
|t 1
|w 2013-01-21
|y BK
|